It looks like you're offline.
Open Library logo
additional options menu

MARC record from Internet Archive

LEADER: 01985cam 2200445Ia 4500
001 ocn122996264
003 OCoLC
005 20201017233343.0
008 070412t20071996nyu 000 1 eng d
040 $aUUC$beng$cUUC$dBAKER$dVP@$dBTCTA$dYDXCP$dCRU$dBDX$dOCLCA$dOCLCF$dORX$dOCLCO$dOCLCQ$dOCL$dOCLCO$dOCLCA
020 $a9780765317520$q(pbk.)
020 $a0765317524$q(pbk.)
035 $a(OCoLC)122996264
043 $an-us-ca
050 14 $aPS3566.O95$bE97 2007
082 04 $a813/.54$222
100 1 $aPowers, Tim,$d1952-
245 10 $aExpiration date /$cTim Powers.
250 $a1st trade pbk. ed.
260 $aNew York :$bTor,$c2007, ©1996.
300 $a381 pages ;$c24 cm
336 $atext$btxt$2rdacontent
337 $aunmediated$bn$2rdamedia
338 $avolume$bnc$2rdacarrier
500 $a"A Tom Doherty Associates book."
520 $aA novel on ghost sniffers in Los Angeles who inhale famous ghosts to acquire their intelligence. By chance a boy called Kootie Parganas sniffs a ghost trapped in a bottle. It's the ghost of Thomas Edison, the greatest inventor of all time with one thousand patents in everything from electricity to motion pictures. But what can be inhaled can be exhaled and Kootie becomes the object of a hunt by men after his intelligence.
650 0 $aGhost stories.
651 0 $aLos Angeles (Calif.)$vFiction.
650 7 $aGhost stories.$2fast$0(OCoLC)fst00942396
651 7 $aCalifornia$zLos Angeles.$2fast$0(OCoLC)fst01204540
655 7 $aParanormal fiction.$2lcgft
655 7 $aFantasy fiction.$2gsafd
655 7 $aFiction.$2fast$0(OCoLC)fst01423787
655 7 $aParanormal fiction.$2fast$0(OCoLC)fst01921727
938 $aBaker & Taylor$bBKTY$c15.95$d11.96$i0765317524$n0006907655$sactive
938 $aBrodart$bBROD$n05862582$c$17.95
938 $aBaker and Taylor$bBTCP$nBK0006907655
938 $aYBP Library Services$bYANK$n2468790
994 $aZ0$bP4A
948 $hNO HOLDINGS IN P4A - 23 OTHER HOLDINGS